000
00373nam a2200145Ia 4500
008
231129s1999||||xx |||||||||||||| ||spa||
020
_a
958-614-694-4
040
_b
spa
082
_a
190 R436f
100
_a
Restrepo Trujillo Jorge
245
0
_a
Filosofía para profanos
260
_c
1999
264
_a
Ariel
942
_2
ddc
_c
BKS
999
_c
13978
_d
13978